Aldous Huxley's brave new world
Guardat en:
| Autor principal: | |
|---|---|
| Format: | Llibre |
| Idioma: | anglès |
| Publicat: |
Nueva York
Monarch Press
1965
|
| Matèries: | |
| Etiquetes: |
Afegir etiqueta
Sense etiquetes, Sigues el primer a etiquetar aquest registre!
|
MARC
| LEADER | 00000nam a2200000 a 4500 | ||
|---|---|---|---|
| 001 | UCP2857 | ||
| 003 | CL-VaPUC | ||
| 005 | 20210520001706.0 | ||
| 008 | 990604e19650000US |||||||||||||||||eng|d | ||
| 999 | |c 281325 |d 281323 | ||
| 040 | |c Pontificia Universidad Católica de Valparaíso | ||
| 082 | 0 | 4 | |a 823.09 |b GAN |2 21 |
| 100 | 0 | |a Gannon, Paul W |e author |9 429846 | |
| 245 | 1 | 0 | |a Aldous Huxley's brave new world |
| 260 | |a Nueva York |b Monarch Press |c 1965 | ||
| 300 | |a 80 p | ||
| 583 | |a last modification |c 19990604 00:00:00 |k Rodrigo Vera | ||
| 600 | |a Huxley, Aldous Leonard |d 1894-1963 |9 858026 | ||
| 650 | 7 | |a NOVELA INGLESA |2 CL-VaPUC |9 309260 | |
| 650 | 0 | |a Crítica literaria |9 269189 | |
| 650 | 0 | |a Crítica e interpretación |9 255042 | |
| 852 | |a BIBCUR | ||
| 942 | |c BK |2 ddc | ||
| 945 | |d 19990604 00:00:00 |a rbrito | ||
| 952 | |0 0 |1 0 |4 0 |6 823_090000000000000_GAN_1965 |7 0 |8 A |9 322034 |a BIBEDU |b BIBEDU |d 2019-11-20 |i 3528243 |o 823.09 GAN 1965 |p 3528243 |r 2019-11-20 |w 2019-11-20 |y BK |k LIT | ||